Geography by Picture - W - Statistics

General Stats
  • This quiz has been taken 271 times
    235 since last reset
  • The average score is 13 of 18
Answer Stats
Picture Hint Answer % Correct
"Country" Wales
96%
Capital city Washington D.C.
96%
Building White House
96%
Natural feature Waterfall
93%
U.S. state Wyoming
89%
U.S. state Wisconsin
88%
Japanese foodstuff Wasabi
81%
Chinese city Wuhan
75%
Building Westminster Abbey
72%
Capital city Warsaw
69%
German sausage Wurst
68%
Middle-Eastern territory West Bank
66%
Capital city Wellington
61%
Stadium Wembley
61%
Canadian city Winnipeg
53%
Island Isle of {Wight}
52%
Beach Waikiki
50%
Region Wallonia
40%
No matching quizzes found
Score Distribution
Percent of People with Each Score
Percentile by Number Answered
Your Score History
You have not taken this quiz since the last reset